000 00657nam a22001937a 4500
999 _c194311
_d194311
005 20221214124558.0
010 _aENG-135777
020 _a9780230328495
_c675.00
035 _aEN-119309
037 _bDBAD/PUB
082 _a305.0954
245 _aUnderstanding social inequality:
_bConcerns of human rights gender and environment/
_cEd by Motilal,Shashi,Nanda Bijayalaxmi
260 _aNew Delhi
_b2/10,Ansari road,daryaganj,
_c2010
270 _aMacmillan pub.
_bNEW Delhi
_e110002
300 _axii,417p.
_c25cm(hb)
700 _aEd.by Motilal Shashi
700 _aEd.by Nanda Bijayalaxmi
942 _2ddc
_cEN
_h305.0954
_mUND